000 00897nam a22002897a 4500
003 CHAP
005 20220817042520.0
008 971013s1961 r 00010 d
010 _a46880
011 _a47852
035 _a51995
040 _cCHAP
082 _a581.15
_bV3
100 0 0 _aValdeyron, Georges.
_9117258
245 _aGénétique et amélioration des plantes
260 _aParis :
_bBailliere,
_c(1961) p. : ilus.
590 _aBATCH-UPD
_b10
_c20130110
_lUCH01
_h0059
590 _aBATCH-UPD
_b10
_c20130110
_lUCH01
_h0924
590 _aBATCH-UPD
_b10
_c20130410
_lUCH01
_h0545
590 _aBATCH-UPD
_b10
_c20130914
_lUCH01
_h1537
590 _aCONVERSION
_b10
_c20130109
_lUCH01
_h1326
650 1 4 _aGenética vegetal.
650 1 4 _aPlantas
_xMejoramiento.
_988849
901 _aBK
942 _cLIBRO
949 _a581.15 V3
_bBC
_cLIBRO
_d33724000547725
_eLIBRO
_h12719
_i51995
_si
_t151.00
999 _c46880
_d46880